ចោរចិត្តជា : (Record no. 8520)
[ view plain ]
| 000 -LEADER | |
|---|---|
| fixed length control field | 03238nam a22003017a 4500 |
| 001 - CONTROL NUMBER | |
| control field | 8520 |
| 003 - CONTROL NUMBER IDENTIFIER | |
| control field | FISKH |
| 005 - DATE AND TIME OF LATEST TRANSACTION | |
| control field | 20250917121002.0 |
| 008 - FIXED-LENGTH DATA ELEMENTS--GENERAL INFORMATION | |
| fixed length control field | 250917b cb ||||| |||| 00| 0 eng d |
| 020 ## - INTERNATIONAL STANDARD BOOK NUMBER | |
| International Standard Book Number | 9789996301261 |
| 040 ## - CATALOGING SOURCE | |
| Original cataloging agency | FISKH |
| Language of cataloging | khr |
| Transcribing agency | FISKH |
| Modifying agency | FISKH |
| 050 ## - LIBRARY OF CONGRESS CALL NUMBER | |
| Classification number | PZ7 |
| 100 ## - MAIN ENTRY--PERSONAL NAME | |
| Personal name | Sotheary, Kimsun |
| 245 ## - TITLE STATEMENT | |
| Title | ចោរចិត្តជា : |
| Remainder of title | Chor Chitchea ( Generous thief ) / |
| Statement of responsibility, etc. | រៀបរៀងដោយ អ្នកស្រី គឹមស៊ុន សុធារី |
| 260 ## - PUBLICATION, DISTRIBUTION, ETC. | |
| Place of publication, distribution, etc. | Phnom Penh : |
| Name of publisher, distributor, etc. | Reading Books , |
| Date of publication, distribution, etc. | 2011. |
| 300 ## - PHYSICAL DESCRIPTION | |
| Extent | 24 pages : |
| Other physical details | color illustrations ; |
| Dimensions | 25 cm . |
| 490 ## - SERIES STATEMENT | |
| Series statement | ពិភពរឿងនិទាន |
| 505 ## - FORMATTED CONTENTS NOTE | |
| Formatted contents note | P <br/> |
| 520 ## - SUMMARY, ETC. | |
| Summary, etc. | ចោរចិត្តជាគឺជាងាររបស់ក្មេងប្រុសម្នាក់ដែលចូលចិត្តដើរលួចទ្រព្យសម្បត្តិគេ ទោះជាម្តាយខំទូន្មានយ៉ាងណាក៏មិនស្តាប់ ។ ចោរចិត្តជាបានលីប្តីប្រពន្ធ២នាក់និយាយគ្នាថាត្រូវការប្រាក់៤០ហាបណះដើម្បីបានក្លាយជាចៅហ្វាយស្រុក។ ចោរនោះក៏ដើរលួចគេរហូតបានប្រាក់អោយប្តីប្រពន្ធនោះ ។អកុសលចោរនោះក៏ត្រូវបានគេចាប់ខ្លួនយកទៅឃុំនៅក្រោមផ្ទះលោកចៅហ្វាយស្រុកនោះ ។ក្រោយដឺងការពិតចោរនោះត្រូវបានគេដោះលែង។ ក្រោយមកចោរនោះក៏បានជួយចៅហ្វាយស្រុករហូតបានក្លាយជាយមរាជ ។ ហើយលោកយមរាជក៏សន្យាចិញ្ចឺមចោរចិត្តជានិងម្តាយអស់មួយជីវិត ។ |
| 520 ## - SUMMARY, ETC. | |
| Summary, etc. | “Chor Chet Chea” is a story about a young boy who becomes a thief, constantly stealing other people's belongings despite his mother's persistent warnings, which he refuses to listen to.<br/>One day, he overhears a couple talking about needing 40 hap (a currency unit) in order for the husband to become the district chief. The thief then continues to steal until he gathers enough money to give to the couple.<br/>Unfortunately, he is caught and imprisoned under the house of that same district chief. Later, the truth is revealed, and he is released.<br/>Afterward, he helps the district chief so much that he is eventually appointed as a Yumreach (a high-ranking official or royal officer). In gratitude, the Yumreach promises to take care of Chor Chet Chea and his mother for the rest of their life. |
| 521 8# - TARGET AUDIENCE NOTE | |
| Target audience note | 650 <br/> |
| Source | Lexile estimate <br/> |
| 521 8# - TARGET AUDIENCE NOTE | |
| Target audience note | P <br/> |
| Source | Raz-Plus <br/> |
| 650 ## - SUBJECT ADDED ENTRY--TOPICAL TERM | |
| Topical term or geographic name entry element | ចោរចិត្តជា |
| Form subdivision | រឿងនិទានកុមារ |
| 650 ## - SUBJECT ADDED ENTRY--TOPICAL TERM | |
| Topical term or geographic name entry element | Chor Chitchea ( generous thief ) |
| Form subdivision | Children's stories |
| 700 ## - ADDED ENTRY--PERSONAL NAME | |
| Personal name | San, Thai |
| Relator term | Illustrator |
| 942 ## - ADDED ENTRY ELEMENTS (KOHA) | |
| Source of classification or shelving scheme | Dewey Decimal Classification |
| Koha item type | Books |
| Suppress in OPAC | No |
| Withdrawn status | Lost status | Source of classification or shelving scheme | Damaged status | Not for loan | Collection | Home library | Current library | Shelving location | Date acquired | Total Checkouts | Full call number | Barcode | Date last seen | Price effective from | Koha item type |
|---|---|---|---|---|---|---|---|---|---|---|---|---|---|---|---|
| Dewey Decimal Classification | Khmer-English Bilingual / ភាសាខ្មែរ-អង់គ្លេស | Footprints International School Library Network Toul Tom Poung Campus | Footprints International School Library Network Toul Tom Poung Campus | TTP Primary Khmer Bookshelves | 09/17/2025 | SOT PZ7 | FIS04498 | 09/17/2025 | 09/17/2025 | Khmer Books |
